000 00924cam a2200301 i 4500
001 28039
003 Mx-PuUPA
005 20250320130503.0
008 140415s2004 mau jr 000 f eng d
020 _a9780156030304
020 _a0156030306
040 _aMx-PuUPA
_bspa
_cMx-PuUPA
_dMx-PuUPA
_erda
041 0 _aeng
100 1 _aKeyes, Daniel,
_eautor
245 1 0 _aFlowers for algernon /
_cDaniel Keyes
264 1 _aBoston :
_bMariner Books,
_c[2004?]
300 _a311 páginas ;
_c21 cm
336 _2rdacontent
_atexto
_btxt
337 _2rdamedia
_asin medio
_bn
338 _2rdacarrier
_avolumen
_bnc
490 0 _aMariner Classics
650 7 _2armarc
_aCerebro
_xCirugía
_xFicción
650 7 _2armarc
_aPersonas con discapacidad mental
_vNovela
650 7 _2armarc
_aPersonas superdotadas
_vNovela
942 _2ddc
_cLI
_h813.54
_iK44
999 _c28039
_d28039